Land privatization in Mexico urbanization, formation of regions, and globalization in ejidos /

Bibliographic Details
Main Author: Vazquez Castillo, Maria Teresa.
Corporate Author: ProQuest (Firm)
Format: Electronic eBook
Language:English
Published: New York : Routledge, 2004.
Series:Latin American studies (Routledge (Firm))
Subjects:
Online Access:Click to View
LEADER 01604nam a22004094a 4500
001 EBC199627
003 MiAaPQ
005 20200520144314.0
006 m o d |
007 cr cn|||||||||
008 040121s2004 nyuab sb 001 0 eng
010 |z  2004001249 
020 |z 0415946549 (hardback : alk. paper) 
035 |a (MiAaPQ)EBC199627 
035 |a (Au-PeEL)EBL199627 
035 |a (CaPaEBR)ebr10094371 
035 |a (CaONFJC)MIL6340 
035 |a (OCoLC)252909282 
040 |a MiAaPQ  |c MiAaPQ  |d MiAaPQ 
043 |a n-mx--- 
050 4 |a HD1289.M6  |b V39 2004 
082 0 4 |a 333.3/172  |2 22 
100 1 |a Vazquez Castillo, Maria Teresa. 
245 1 0 |a Land privatization in Mexico  |h [electronic resource] :  |b urbanization, formation of regions, and globalization in ejidos /  |c Maria Teresa Vazquez Castillo. 
260 |a New York :  |b Routledge,  |c 2004. 
300 |a xvi, 236 p. :  |b ill., maps. 
490 1 |a Latin American studies : social sciences and law 
504 |a Includes bibliographical references (p. 203-215) and index. 
533 |a Electronic reproduction. Ann Arbor, MI : ProQuest, 2015. Available via World Wide Web. Access may be limited to ProQuest affiliated libraries. 
650 0 |a Ejidos  |z Mexico. 
650 0 |a Ejidos  |x Law and legislation  |z Mexico. 
650 0 |a Land tenure  |x Government policy  |z Mexico. 
650 0 |a Privatization  |z Mexico. 
655 4 |a Electronic books. 
710 2 |a ProQuest (Firm) 
830 0 |a Latin American studies (Routledge (Firm)) 
856 4 0 |u https://ebookcentral.proquest.com/lib/matrademy/detail.action?docID=199627  |z Click to View